Élet az olajon túl - Katar és az Egyesült Arab Emírségek jövője a légiközlekedés fókuszában

Bibliographic Details
Main Author: Izsák Krisztián
Other Authors: Tasi Péter
Pataky Levente
Format: Thesis
Kulcsszavak:Kőolaj
Arab
Gazdaság
Online Access:http://dolgozattar.uni-bge.hu/19617

MARC

LEADER 00000nta a2200000 i 4500
001 dolg19617
005 20181214164605.0
008 181214suuuu hu om 000 hun d
040 |a BGE Dolgozattár Repozitórium  |b hun 
041 |a hu 
100 1 |a Izsák Krisztián 
245 1 0 |a Élet az olajon túl - Katar és az Egyesült Arab Emírségek jövője a légiközlekedés fókuszában  |c Izsák Krisztián  |h [elektronikus dokumentum] 
246 1 1 |a Élet az olajon túl - Katar és az Egyesült Arab Emírségek jövője a légiközlekedés fókuszában 
695 |a Kőolaj 
695 |a Arab 
695 |a Gazdaság 
700 1 |a Tasi Péter  |e ths 
700 1 |a Pataky Levente  |e ths 
856 4 0 |u http://dolgozattar.uni-bge.hu/19617/1/Szakdolgozat_Izs%C3%A1k%20Kriszti%C3%A1n_H0J1I5.pdf  |z Dokumentum-elérés